[Event "Mitropa Cup (Women) 6th"]
[Site "Rogaska Slatina"]
[Date "2009.05.16"]
[Round "7"]
[White "Fuchs, Judith"]
[Black "Nicoara, Malina"]
[Result "0-1"]
[WhiteElo "2238"]
[BlackElo "2167"]
[PlyCount "100"]
[EventDate "2009.05.09"]
[EventType "team-tourn"]
[EventRounds "7"]
[EventCountry "SLO"]
[Source "ChessBase"]
[SourceDate "2009.07.02"]
[WhiteTeam "Germany (W)"]
[BlackTeam "France (W)"]
[WhiteTeamCountry "GER"]
[BlackTeamCountry "FRA"]

1. e4 c5 2. Nf3 Nc6 3. d4 cxd4 4. Nxd4 g6 5. Nc3 Bg7 6. Be3 Nf6 7. Bc4 O-O 8.
Bb3 a5 9. O-O a4 10. Nxa4 Nxe4 11. Nb5 Ra6 12. c4 Na5 13. Qe2 Nxb3 14. axb3 Nd6
15. Nxd6 Rxd6 16. Nc3 Re6 17. Qd2 Qc7 18. Rfe1 Bxc3 19. bxc3 f6 20. Qd5 Qc6 21.
Qd3 Re8 22. Ra5 Qe4 23. Qd1 Kf7 24. Rd5 g5 25. Qd2 h6 26. Ra1 b6 27. Rd4 Qg6
28. f3 f5 29. Bf2 h5 30. Rd5 g4 31. fxg4 hxg4 32. Qf4 Rf6 33. Bd4 e6 34. Rd6 e5
35. Bxe5 Rxe5 36. Qxe5 Rxd6 37. Ra8 Rd1+ 38. Kf2 Rd2+ 39. Ke1 Rd6 40. Kf1 f4
41. Qe1 Qd3+ 42. Kg1 Qd1 43. Qxd1 Rxd1+ 44. Kf2 Rd2+ 45. Ke1 Rxg2 46. Rxc8 Rxh2
47. Rd8 Ke6 48. Re8+ Kf5 49. Rd8 g3 50. Kf1 f3 0-1

[Event "Mitropa Cup 28th"]
[Site "Rogaska Slatina"]
[Date "2009.05.09"]
[Round "1"]
[White "Kreisl, Robert"]
[Black "Papp, Gabor"]
[Result "1/2-1/2"]
[WhiteElo "2389"]
[BlackElo "2524"]
[PlyCount "46"]
[EventDate "2009.05.09"]
[EventType "team-tourn"]
[EventRounds "9"]
[EventCountry "SLO"]
[Source "ChessBase"]
[SourceDate "2009.07.02"]
[WhiteTeam "Austria"]
[BlackTeam "Hungary"]
[WhiteTeamCountry "AUT"]
[BlackTeamCountry "HUN"]

1. e4 c5 2. Nf3 d6 3. d4 cxd4 4. Nxd4 Nf6 5. Nc3 a6 6. Be2 e5 7. Nb3 Be7 8. Bg5
Be6 9. Bxf6 Bxf6 10. Qd3 Bg5 11. Rd1 Nc6 12. Qxd6 Qxd6 13. Rxd6 Ke7 14. Rd1 Nb4
15. O-O Rhd8 16. Nc5 Nxc2 17. Nxb7 Rdb8 18. Nc5 Rxb2 19. Nd3 Rb6 20. Nxe5 Bf6
21. Nd5+ Bxd5 22. Rxd5 Nb4 23. Ra5 Re6 1/2-1/2

[Event "Mitropa Cup 28th"]
[Site "Rogaska Slatina"]
[Date "2009.05.09"]
[Round "1"]
[White "Prohaszka, Peter"]
[Black "Pilaj, Herwig"]
[Result "1-0"]
[WhiteElo "2511"]
[BlackElo "2373"]
[PlyCount "106"]
[EventDate "2009.05.09"]
[EventType "team-tourn"]
[EventRounds "9"]
[EventCountry "SLO"]
[Source "ChessBase"]
[SourceDate "2009.07.02"]
[WhiteTeam "Hungary"]
[BlackTeam "Austria"]
[WhiteTeamCountry "HUN"]
[BlackTeamCountry "AUT"]

1. d4 d5 2. c4 c6 3. Nc3 Nf6 4. e3 e6 5. b3 Nbd7 6. Bb2 Bd6 7. Nf3 O-O 8. Bd3
Qe7 9. Qc2 e5 10. cxd5 cxd5 11. dxe5 Nxe5 12. Nxe5 Bxe5 13. Nb5 Bd7 14. Bxe5
Bxb5 15. Bxf6 Qxf6 16. Rc1 Bxd3 17. Qxd3 d4 18. Qxd4 Qxd4 19. exd4 Rad8 20. O-O
Rxd4 21. Rc7 Rd2 22. a4 Rb8 23. Re1 g6 24. g3 Rd3 25. Ree7 Rf3 26. Kg2 Rf5 27.
Rxb7 Rd8 28. Red7 Rc8 29. Rdc7 Rd8 30. Rc3 a5 31. Rf3 Rxf3 32. Kxf3 h5 33. Rb5
Rd2 34. Ke3 Rb2 35. h4 Kg7 36. f3 Kh6 37. Ke4 Rb1 38. Kf4 Rb2 39. g4 hxg4 40.
fxg4 Rb1 41. Ke5 Kg7 42. g5 Rb2 43. Kd6 f5 44. gxf6+ Kxf6 45. Kc6 Rh2 46. Rxa5
Rxh4 47. Rc5 g5 48. a5 g4 49. a6 g3 50. a7 Rh8 51. Kb6 g2 52. Rc1 Ke5 53. Rg1
Kd5 1-0

[Event "Mitropa Cup 28th"]
[Site "Rogaska Slatina"]
[Date "2009.05.09"]
[Round "1"]
[White "Schachinger, Mario"]
[Black "Rapport, Richard"]
[Result "1/2-1/2"]
[WhiteElo "2350"]
[BlackElo "2371"]
[PlyCount "57"]
[EventDate "2009.05.09"]
[EventType "team-tourn"]
[EventRounds "9"]
[EventCountry "SLO"]
[Source "ChessBase"]
[SourceDate "2009.07.02"]
[WhiteTeam "Austria"]
[BlackTeam "Hungary"]
[WhiteTeamCountry "AUT"]
[BlackTeamCountry "HUN"]

1. e4 c5 2. Nf3 d6 3. d4 cxd4 4. Nxd4 Nf6 5. Nc3 Nc6 6. Bg5 e6 7. Qd2 a6 8.
O-O-O Bd7 9. f3 Be7 10. Be3 h5 11. h3 Qc7 12. Kb1 h4 13. Nxc6 Bxc6 14. Bd3 b5
15. Bd4 b4 16. Ne2 e5 17. Bf2 a5 18. c4 Nd7 19. g3 hxg3 20. Nxg3 g6 21. Nf1 Nc5
22. Bxc5 dxc5 23. Qg2 O-O-O 24. Ne3 Rd4 25. Nc2 Rd6 26. Ne3 Rd4 27. Nc2 Rd6 28.
Ne3 Rd4 29. Nc2 1/2-1/2

[Event "Mitropa Cup 28th"]
[Site "Rogaska Slatina"]
[Date "2009.05.09"]
[Round "1"]
[White "Doric, Darko"]
[Black "Skoberne, Jure"]
[Result "1-0"]
[WhiteElo "2468"]
[BlackElo "2471"]
[PlyCount "57"]
[EventDate "2009.05.09"]
[EventType "team-tourn"]
[EventRounds "9"]
[EventCountry "SLO"]
[Source "ChessBase"]
[SourceDate "2009.07.02"]
[WhiteTeam "Croatia"]
[BlackTeam "Slovenia"]
[WhiteTeamCountry "CRO"]
[BlackTeamCountry "SLO"]

1. d4 d5 2. c4 c6 3. Nc3 Nf6 4. Nf3 dxc4 5. a4 Bf5 6. Ne5 Nbd7 7. Nxc4 Qc7 8.
g3 e5 9. dxe5 Nxe5 10. Bf4 Nfd7 11. Bg2 g5 12. Ne3 gxf4 13. Nxf5 O-O-O 14. Qc2
Ng6 15. O-O fxg3 16. hxg3 h5 17. Rfc1 Kb8 18. b4 h4 19. Nb5 Qe5 20. Nbd4 Rc8
21. b5 Bc5 22. bxc6 Bxd4 23. Nxd4 hxg3 24. Qb2 gxf2+ 25. Kf1 Nb6 26. cxb7 Rxc1+
27. Rxc1 Ne7 28. a5 Nd7 29. Qc3 1-0

[Event "Mitropa Cup 28th"]
[Site "Rogaska Slatina"]
[Date "2009.05.09"]
[Round "1"]
[White "Jovanovic, Zoran2"]
[Black "Borisek, Jure"]
[Result "1-0"]
[WhiteElo "2525"]
[BlackElo "2581"]
[PlyCount "69"]
[EventDate "2009.05.09"]
[EventType "team-tourn"]
[EventRounds "9"]
[EventCountry "SLO"]
[Source "ChessBase"]
[SourceDate "2009.07.02"]
[WhiteTeam "Croatia"]
[BlackTeam "Slovenia"]
[WhiteTeamCountry "CRO"]
[BlackTeamCountry "SLO"]

1. e4 e5 2. Nf3 Nc6 3. Bc4 Bc5 4. O-O Nf6 5. d4 Bxd4 6. Nxd4 Nxd4 7. f4 d6 8.
fxe5 dxe5 9. Bg5 Qe7 10. Na3 Be6 11. c3 Bxc4 12. Bxf6 gxf6 13. Nxc4 Ne6 14.
Qa4+ c6 15. Qa5 O-O 16. Ne3 Kh8 17. Nf5 Qd8 18. Qa3 Qb6+ 19. Kh1 Qc5 20. Qb3 b5
21. Nh6 Nf4 22. Qd1 Qc4 23. Qe1 Rad8 24. Qh4 Rd6 25. Rae1 Qd3 26. Nf5 Re6 27.
Qf2 Qd7 28. Rd1 Qc7 29. Rd2 Qb6 30. Qf3 c5 31. g3 Ng6 32. Rfd1 c4 33. Rd7 a5
34. h4 Rg8 35. Nh6 1-0

[Event "Mitropa Cup 28th"]
[Site "Rogaska Slatina"]
[Date "2009.05.09"]
[Round "1"]
[White "Pavasovic, Dusko"]
[Black "Bosiocic, Marin"]
[Result "1/2-1/2"]
[WhiteElo "2607"]
[BlackElo "2571"]
[PlyCount "47"]
[EventDate "2009.05.09"]
[EventType "team-tourn"]
[EventRounds "9"]
[EventCountry "SLO"]
[Source "ChessBase"]
[SourceDate "2009.07.02"]
[WhiteTeam "Slovenia"]
[BlackTeam "Croatia"]
[WhiteTeamCountry "SLO"]
[BlackTeamCountry "CRO"]

1. e4 e5 2. Nf3 Nc6 3. Nc3 Nf6 4. Bc4 Bc5 5. d3 d6 6. Be3 Bb6 7. h3 h6 8. Qd2
Be6 9. O-O O-O 10. Bb3 Ba5 11. Rad1 Kh7 12. Qc1 Bxc3 13. bxc3 Qe7 14. Rfe1 b6
15. Nd2 Nh5 16. g4 Nf4 17. Bxf4 exf4 18. Nf3 g5 19. d4 Na5 20. Qd2 Bc4 21. Bxc4
Nxc4 22. Qe2 b5 23. Nd2 Nxd2 24. Rxd2 1/2-1/2

[Event "Mitropa Cup 28th"]
[Site "Rogaska Slatina"]
[Date "2009.05.09"]
[Round "1"]
[White "Cossin, Sebastien"]
[Black "Petr, Martin"]
[Result "1-0"]
[WhiteElo "2471"]
[BlackElo "2460"]
[PlyCount "81"]
[EventDate "2009.05.09"]
[EventType "team-tourn"]
[EventRounds "9"]
[EventCountry "SLO"]
[Source "ChessBase"]
[SourceDate "2009.07.02"]
[WhiteTeam "France"]
[BlackTeam "Czech Republic"]
[WhiteTeamCountry "FRA"]
[BlackTeamCountry "CZE"]

1. d4 Nf6 2. c4 g6 3. Nc3 d5 4. cxd5 Nxd5 5. Bd2 Bg7 6. e4 Nb6 7. Be3 O-O 8.
Nf3 Bg4 9. Be2 Nc6 10. d5 Bxf3 11. gxf3 Na5 12. Bd4 Qd6 13. Bxg7 Kxg7 14. Rc1
c6 15. Qd2 Qb4 16. a3 Qb3 17. Nd1 Nac4 18. Bxc4 Qxf3 19. Qc3+ Qxc3+ 20. Rxc3
Rac8 21. Bb3 cxd5 22. Bxd5 Nxd5 23. exd5 Rxc3 24. Nxc3 Rc8 25. Kd2 Rc4 26. Re1
Rd4+ 27. Kc2 Kf6 28. Re4 Rxe4 29. Nxe4+ Ke5 30. Ng5 f6 31. Nxh7 Kxd5 32. Kd3 g5
33. h3 b5 34. b4 Ke5 35. Ke3 Kf5 36. Nf8 Ke5 37. Ng6+ Ke6 38. Ke4 Kf7 39. Nxe7
Kxe7 40. Kf5 Kf7 41. f4 1-0

[Event "Mitropa Cup 28th"]
[Site "Rogaska Slatina"]
[Date "2009.05.09"]
[Round "1"]
[White "Kanovsky, David"]
[Black "Terrieux, Kevin"]
[Result "1/2-1/2"]
[WhiteElo "2473"]
[BlackElo "2449"]
[PlyCount "89"]
[EventDate "2009.05.09"]
[EventType "team-tourn"]
[EventRounds "9"]
[EventCountry "SLO"]
[Source "ChessBase"]
[SourceDate "2009.07.02"]
[WhiteTeam "Czech Republic"]
[BlackTeam "France"]
[WhiteTeamCountry "CZE"]
[BlackTeamCountry "FRA"]

1. e4 c5 2. Nf3 Nc6 3. Bb5 g6 4. O-O Bg7 5. Bxc6 dxc6 6. d3 b6 7. h3 e5 8. Be3
Qe7 9. Qd2 h6 10. Qc3 f5 11. b4 Nf6 12. bxc5 fxe4 13. dxe4 Nxe4 14. Qb4 Nxc5
15. Nbd2 Nb7 16. Qe4 Bf5 17. Qxc6+ Qd7 18. Qxd7+ Kxd7 19. Nc4 Rhe8 20. Rad1+
Kc6 21. a4 g5 22. Rd2 Be4 23. Rfd1 Bxf3 24. gxf3 Rad8 25. Kg2 Rxd2 26. Rxd2 Bf6
27. Kg3 e4 28. f4 gxf4+ 29. Kxf4 Bg5+ 30. Kf5 Bxe3 31. fxe3 b5 32. Ne5+ Kb6 33.
axb5 Kxb5 34. c4+ Kb6 35. Nd7+ Kc6 36. Ne5+ Kb6 37. Nd7+ Kc6 38. Nf6 Rf8 39.
Ke5 a5 40. Nxe4 Rf3 41. Kd4 Rxh3 42. Rg2 Rh4 43. Rg6+ Kc7 44. Rg7+ Kc6 45. Rg6+
1/2-1/2

[Event "Mitropa Cup 28th"]
[Site "Rogaska Slatina"]
[Date "2009.05.09"]
[Round "1"]
[White "Krejci, Jan1"]
[Black "Vitoux, Colomban"]
[Result "1-0"]
[WhiteElo "2430"]
[BlackElo "2446"]
[PlyCount "71"]
[EventDate "2009.05.09"]
[EventType "team-tourn"]
[EventRounds "9"]
[EventCountry "SLO"]
[Source "ChessBase"]
[SourceDate "2009.07.02"]
[WhiteTeam "Czech Republic"]
[BlackTeam "France"]
[WhiteTeamCountry "CZE"]
[BlackTeamCountry "FRA"]

1. e4 e5 2. Nf3 Nc6 3. Bb5 f5 4. Nc3 fxe4 5. Nxe4 Nf6 6. Nxf6+ Qxf6 7. O-O Be7
8. Qe2 d6 9. d4 O-O 10. Bxc6 bxc6 11. Bg5 Qe6 12. Bxe7 Qxe7 13. dxe5 Kh8 14.
Qc4 d5 15. Qxc6 Rb8 16. Qc3 c5 17. Nd2 d4 18. Qa3 Qxe5 19. Nb3 Bf5 20. Nxc5 Qd6
21. Rac1 Rfc8 22. b4 Qg6 23. Rfd1 a5 24. Rxd4 axb4 25. Rxb4 Rxb4 26. Qxb4 Qd6
27. Re1 h6 28. Nd3 Qa6 29. a4 Kh7 30. Qb3 Qa5 31. h3 Rc3 32. Qb4 Qc7 33. Re7
Qc4 34. Qb7 Bxd3 35. Rxg7+ Kh8 36. Rg4 1-0

[Event "Mitropa Cup 28th"]
[Site "Rogaska Slatina"]
[Date "2009.05.09"]
[Round "1"]
[White "Philippe, Christophe"]
[Black "Cernousek, Lukas"]
[Result "0-1"]
[WhiteElo "2435"]
[BlackElo "2439"]
[PlyCount "78"]
[EventDate "2009.05.09"]
[EventType "team-tourn"]
[EventRounds "9"]
[EventCountry "SLO"]
[Source "ChessBase"]
[SourceDate "2009.07.02"]
[WhiteTeam "France"]
[BlackTeam "Czech Republic"]
[WhiteTeamCountry "FRA"]
[BlackTeamCountry "CZE"]

1. e4 c5 2. Nf3 d6 3. d4 Nf6 4. Nc3 cxd4 5. Nxd4 a6 6. Bc4 e6 7. Bb3 b5 8. Bg5
Bb7 9. Qe2 b4 10. Na4 Nbd7 11. O-O-O Qa5 12. Bh4 Be7 13. f3 O-O 14. Kb1 Nc5 15.
Nxc5 dxc5 16. e5 Nd5 17. Bxe7 Nxe7 18. Nxe6 fxe6 19. Rd7 Bc8 20. Rxe7 Qd8 21.
Rxe6 Bxe6 22. Bxe6+ Kh8 23. Bc4 Qe7 24. g3 a5 25. f4 a4 26. Qe4 Rad8 27. Bd3 g6
28. h4 Rd4 29. Qe2 Rfd8 30. h5 Qb7 31. Rc1 b3 32. hxg6 bxa2+ 33. Ka1 Rb8 34. b3
axb3 35. cxb3 Qxb3 36. e6 Qd5 37. e7 Rb1+ 38. Rxb1 axb1=Q+ 39. Kxb1 Qb3+ 0-1

[Event "Mitropa Cup 28th"]
[Site "Rogaska Slatina"]
[Date "2009.05.09"]
[Round "1"]
[White "Gustafsson, Jan"]
[Black "Vavrak, Peter"]
[Result "1/2-1/2"]
[WhiteElo "2631"]
[BlackElo "2487"]
[PlyCount "55"]
[EventDate "2009.05.09"]
[EventType "team-tourn"]
[EventRounds "9"]
[EventCountry "SLO"]
[Source "ChessBase"]
[SourceDate "2009.07.02"]
[WhiteTeam "Germany"]
[BlackTeam "Slovakia"]
[WhiteTeamCountry "GER"]
[BlackTeamCountry "SVK"]

1. d4 d5 2. Nf3 Nf6 3. c4 dxc4 4. e3 e6 5. Bxc4 c5 6. O-O Nc6 7. Qe2 cxd4 8.
Rd1 Be7 9. Nc3 O-O 10. Nxd4 Nxd4 11. exd4 Qc7 12. Bg5 a6 13. Rac1 b5 14. Bb3
Qa7 15. d5 exd5 16. Nxd5 Nxd5 17. Rxd5 Bxg5 18. Rxg5 Qb6 19. Re5 Qf6 20. h3 Bd7
21. Re1 h6 22. Qh5 Rae8 23. Rxe8 Rxe8 24. Rxe8+ Bxe8 25. Qe2 Bc6 26. f3 Bd5 27.
Bxd5 Qd4+ 28. Kf1 1/2-1/2

[Event "Mitropa Cup 28th"]
[Site "Rogaska Slatina"]
[Date "2009.05.09"]
[Round "1"]
[White "Macak, Stefan"]
[Black "Braun, Arik"]
[Result "1/2-1/2"]
[WhiteElo "2494"]
[BlackElo "2564"]
[PlyCount "44"]
[EventDate "2009.05.09"]
[EventType "team-tourn"]
[EventRounds "9"]
[EventCountry "SLO"]
[Source "ChessBase"]
[SourceDate "2009.07.02"]
[WhiteTeam "Slovakia"]
[BlackTeam "Germany"]
[WhiteTeamCountry "SVK"]
[BlackTeamCountry "GER"]

1. e4 c6 2. d4 d5 3. Nd2 dxe4 4. Nxe4 Bf5 5. Ng3 Bg6 6. h4 h6 7. h5 Bh7 8. Nf3
e6 9. Bd3 Bxd3 10. Qxd3 Nf6 11. Bd2 Be7 12. O-O-O O-O 13. Ne4 Nxe4 14. Qxe4 Qd5
15. Qxd5 cxd5 16. Ne5 Nc6 17. Bf4 Rfc8 18. Kb1 Nxe5 19. Bxe5 Rc4 20. Rhe1 Rac8
21. Re2 Bf6 22. Rdd2 Bxe5 1/2-1/2

[Event "Mitropa Cup 28th"]
[Site "Rogaska Slatina"]
[Date "2009.05.09"]
[Round "1"]
[White "Michalik, Peter"]
[Black "Boensch, Uwe"]
[Result "1-0"]
[WhiteElo "2409"]
[BlackElo "2523"]
[PlyCount "83"]
[EventDate "2009.05.09"]
[EventType "team-tourn"]
[EventRounds "9"]
[EventCountry "SLO"]
[Source "ChessBase"]
[SourceDate "2009.07.02"]
[WhiteTeam "Slovakia"]
[BlackTeam "Germany"]
[WhiteTeamCountry "SVK"]
[BlackTeamCountry "GER"]

1. e4 c5 2. Nf3 d6 3. d4 cxd4 4. Nxd4 Nf6 5. Nc3 e6 6. g4 a6 7. Bg2 Nc6 8. h3
Be7 9. Be3 O-O 10. Qe2 Nxd4 11. Bxd4 e5 12. Be3 Be6 13. O-O-O Rc8 14. Qd2 b5
15. Kb1 Qc7 16. f4 exf4 17. Bxf4 Rfd8 18. Nd5 Bxd5 19. exd5 Nd7 20. g5 Bf8 21.
h4 g6 22. h5 Bg7 23. hxg6 hxg6 24. Bh3 Rb8 25. Qh2 Nf8 26. Rd3 b4 27. Bg4 Qc5
28. b3 Rb7 29. Be3 Qb5 30. Bd4 Bxd4 31. Rxd4 f5 32. Qh8+ Kf7 33. Qf6+ Ke8 34.
Re1+ Kd7 35. Rc4 Qxc4 36. Bxf5+ gxf5 37. Qxf5+ Kc7 38. Re7+ Rd7 39. Rxd7+ Nxd7
40. bxc4 Kb6 41. g6 Ne5 42. Qf6 1-0

[Event "Mitropa Cup 28th"]
[Site "Rogaska Slatina"]
[Date "2009.05.10"]
[Round "2"]
[White "Bosiocic, Marin"]
[Black "Petr, Martin"]
[Result "1-0"]
[WhiteElo "2571"]
[BlackElo "2460"]
[PlyCount "76"]
[EventDate "2009.05.09"]
[EventType "team-tourn"]
[EventRounds "9"]
[EventCountry "SLO"]
[Source "ChessBase"]
[SourceDate "2009.07.02"]
[WhiteTeam "Croatia"]
[BlackTeam "Czech Republic"]
[WhiteTeamCountry "CRO"]
[BlackTeamCountry "CZE"]

1. Nf3 Nf6 2. c4 g6 3. Nc3 d5 4. Qa4+ c6 5. cxd5 Nxd5 6. Nxd5 Qxd5 7. e4 Qd8 8.
d4 Bg7 9. Be3 O-O 10. Be2 Bg4 11. O-O Nd7 12. Rad1 Qc7 13. h3 Bxf3 14. Bxf3
Rad8 15. g3 Nb6 16. Qc2 Rd7 17. Rd2 e6 18. Rfd1 Qd8 19. a4 Qf6 20. Bg2 Nc8 21.
h4 h6 22. d5 cxd5 23. exd5 exd5 24. Bxd5 Nb6 25. Bd4 Qf5 26. Qxf5 gxf5 27. Bb3
Bxd4 28. Rxd4 Rfd8 29. Rxd7 Rxd7 30. Rc1 Kg7 31. Rc5 Rd3 32. Rb5 f4 33. g4 Rd2
34. a5 Nd7 35. Rxb7 Ne5 36. a6 f3 37. Rxa7 Rxb2 38. Rb7 Kg6 1-0

[Event "Mitropa Cup 28th"]
[Site "Rogaska Slatina"]
[Date "2009.05.10"]
[Round "2"]
[White "Kanovsky, David"]
[Black "Jovanovic, Zoran2"]
[Result "1/2-1/2"]
[WhiteElo "2473"]
[BlackElo "2525"]
[PlyCount "63"]
[EventDate "2009.05.09"]
[EventType "team-tourn"]
[EventRounds "9"]
[EventCountry "SLO"]
[Source "ChessBase"]
[SourceDate "2009.07.02"]
[WhiteTeam "Czech Republic"]
[BlackTeam "Croatia"]
[WhiteTeamCountry "CZE"]
[BlackTeamCountry "CRO"]

1. e4 c5 2. Nf3 d6 3. d4 cxd4 4. Nxd4 Nf6 5. Nc3 Nc6 6. Bg5 e6 7. Qd2 Qb6 8.
O-O-O Qxd4 9. Qxd4 Nxd4 10. Rxd4 a6 11. f3 Bd7 12. Bc4 Rc8 13. Bb3 Bc6 14. Rhd1
Nd7 15. Bh4 g5 16. Bxg5 Rg8 17. f4 h6 18. Bh4 Rxg2 19. f5 Nc5 20. e5 Rxh2 21.
exd6 Bxd6 22. Rxd6 Rxh4 23. fxe6 Nxb3+ 24. axb3 fxe6 25. Rxe6+ Kf7 26. Rdd6
Rh1+ 27. Kd2 Rh2+ 28. Kd3 Rh3+ 29. Kd4 Rh4+ 30. Kd3 Rh3+ 31. Kd4 Rh4+ 32. Kd3
1/2-1/2

[Event "Mitropa Cup 28th"]
[Site "Rogaska Slatina"]
[Date "2009.05.10"]
[Round "2"]
[White "Krejci, Jan1"]
[Black "Doric, Darko"]
[Result "1/2-1/2"]
[WhiteElo "2430"]
[BlackElo "2468"]
[PlyCount "42"]
[EventDate "2009.05.09"]
[EventType "team-tourn"]
[EventRounds "9"]
[EventCountry "SLO"]
[Source "ChessBase"]
[SourceDate "2009.07.02"]
[WhiteTeam "Czech Republic"]
[BlackTeam "Croatia"]
[WhiteTeamCountry "CZE"]
[BlackTeamCountry "CRO"]

1. e4 e5 2. Nf3 Nc6 3. Bb5 a6 4. Ba4 Nf6 5. O-O Be7 6. Re1 b5 7. Bb3 d6 8. c3
O-O 9. h3 Na5 10. Bc2 c5 11. d4 Qc7 12. d5 Bd7 13. b3 Rfe8 14. Nbd2 g6 15. Nf1
Nh5 16. Ng3 Ng7 17. Nh2 Nb7 18. Ng4 Kh8 19. Rf1 c4 20. b4 a5 21. f4 Bxg4
1/2-1/2

[Event "Mitropa Cup 28th"]
[Site "Rogaska Slatina"]
[Date "2009.05.10"]
[Round "2"]
[White "Saric, Ante"]
[Black "Cernousek, Lukas"]
[Result "1/2-1/2"]
[WhiteElo "2502"]
[BlackElo "2439"]
[PlyCount "81"]
[EventDate "2009.05.09"]
[EventType "team-tourn"]
[EventRounds "9"]
[EventCountry "SLO"]
[Source "ChessBase"]
[SourceDate "2009.07.02"]
[WhiteTeam "Croatia"]
[BlackTeam "Czech Republic"]
[WhiteTeamCountry "CRO"]
[BlackTeamCountry "CZE"]

1. Nf3 e6 2. g3 d5 3. Bg2 Bd6 4. O-O c6 5. d3 e5 6. e4 dxe4 7. dxe4 Ne7 8. Nbd2
f6 9. Nc4 Bc5 10. Be3 Qxd1 11. Raxd1 Be6 12. Nd6+ Bxd6 13. Rxd6 Kf7 14. Rfd1
Na6 15. Bf1 Nc7 16. a4 Rhc8 17. Ne1 b6 18. f4 exf4 19. gxf4 Ke8 20. f5 Bf7 21.
a5 Rab8 22. b3 c5 23. axb6 axb6 24. b4 cxb4 25. Bxb6 Ncd5 26. exd5 Nxf5 27. Rc6
Rxc6 28. dxc6 Rxb6 29. c7 Be6 30. Rd8+ Ke7 31. c8=Q Bxc8 32. Rxc8 b3 33. cxb3
Rxb3 34. Bd3 Nh4 35. Rc7+ Kf8 36. Rc8+ Ke7 37. Rg8 g5 38. Bxh7 f5 39. Rxg5 Rb1
40. Kf2 Rxe1 41. Kxe1 1/2-1/2

[Event "Mitropa Cup 28th"]
[Site "Rogaska Slatina"]
[Date "2009.05.10"]
[Round "2"]
[White "Papp, Gabor"]
[Black "Borisek, Jure"]
[Result "1/2-1/2"]
[WhiteElo "2524"]
[BlackElo "2581"]
[PlyCount "94"]
[EventDate "2009.05.09"]
[EventType "team-tourn"]
[EventRounds "9"]
[EventCountry "SLO"]
[Source "ChessBase"]
[SourceDate "2009.07.02"]
[WhiteTeam "Hungary"]
[BlackTeam "Slovenia"]
[WhiteTeamCountry "HUN"]
[BlackTeamCountry "SLO"]

1. e4 e5 2. Nf3 Nc6 3. Bc4 Bc5 4. c3 Nf6 5. d3 d6 6. O-O a6 7. Bb3 Ba7 8. h3
O-O 9. Re1 h6 10. Nbd2 Re8 11. Nf1 Be6 12. Be3 Qd7 13. Bxa7 Rxa7 14. Ne3 Raa8
15. Nh4 Ne7 16. Bc2 g5 17. Qf3 Kg7 18. Nhf5+ Bxf5 19. exf5 d5 20. h4 gxh4 21.
Ng4 Qxf5 22. Nxe5 Qg5 23. d4 Nc6 24. Nxc6 bxc6 25. Ba4 Rab8 26. b4 Re4 27. Bc2
Rf4 28. Re5 Qxe5 29. dxe5 Rxf3 30. gxf3 Nh5 31. Bd3 a5 32. bxa5 Nf4 33. Bf1 Ra8
34. a6 c5 35. Bb5 c6 36. a4 c4 37. Kh2 Kf8 38. Bxc6 Rxa6 39. Bb5 Ra5 40. Rd1
Nd3 41. f4 Nxf4 42. Rd4 Ne2 43. Rxd5 Nxc3 44. Rd8+ Kg7 45. Bxc4 Rxe5 46. Rd7
Rf5 47. a5 Rxa5 1/2-1/2

[Event "Mitropa Cup 28th"]
[Site "Rogaska Slatina"]
[Date "2009.05.10"]
[Round "2"]
[White "Prohaszka, Peter"]
[Black "Skoberne, Jure"]
[Result "1/2-1/2"]
[WhiteElo "2511"]
[BlackElo "2471"]
[PlyCount "50"]
[EventDate "2009.05.09"]
[EventType "team-tourn"]
[EventRounds "9"]
[EventCountry "SLO"]
[Source "ChessBase"]
[SourceDate "2009.07.02"]
[WhiteTeam "Hungary"]
[BlackTeam "Slovenia"]
[WhiteTeamCountry "HUN"]
[BlackTeamCountry "SLO"]

1. d4 d6 2. Nf3 Nf6 3. c4 g6 4. Nc3 Bg7 5. e4 O-O 6. Be2 e5 7. Be3 exd4 8. Nxd4
Re8 9. f3 c6 10. Bf2 d5 11. exd5 cxd5 12. O-O Nc6 13. c5 Nh5 14. Qd2 Be5 15. g3
Ng7 16. Bb5 Bd7 17. Rfe1 Nxd4 18. Bxd4 Bxd4+ 19. Qxd4 Bxb5 20. Nxb5 Rxe1+ 21.
Rxe1 Qa5 22. Nc3 Ne6 23. Qxd5 Qxc5+ 24. Qxc5 Nxc5 25. Re7 Rc8 1/2-1/2

[Event "Mitropa Cup 28th"]
[Site "Rogaska Slatina"]
[Date "2009.05.10"]
[Round "2"]
[White "Gaehwiler, Gabriel"]
[Black "Michalik, Peter"]
[Result "0-1"]
[WhiteElo "2226"]
[BlackElo "2409"]
[PlyCount "110"]
[EventDate "2009.05.09"]
[EventType "team-tourn"]
[EventRounds "9"]
[EventCountry "SLO"]
[Source "ChessBase"]
[SourceDate "2009.07.02"]
[WhiteTeam "Switzerland"]
[BlackTeam "Slovakia"]
[WhiteTeamCountry "SUI"]
[BlackTeamCountry "SVK"]

1. e4 e6 2. d4 d5 3. e5 c5 4. c3 Nc6 5. Nf3 Nh6 6. Bd3 f6 7. O-O Nf7 8. Re1
fxe5 9. Nxe5 cxd4 10. cxd4 Qf6 11. Nc3 Nfxe5 12. dxe5 Qf7 13. f4 g6 14. Be3 Be7
15. Nb5 O-O 16. Rf1 Bd7 17. Nd4 Qg7 18. Qg4 Bc5 19. Nc2 b6 20. Kh1 Rac8 21. Qg3
g5 22. fxg5 Nxe5 23. Ba6 Rcd8 24. Bxc5 bxc5 25. Rfe1 Nf7 26. h4 e5 27. Ne3 Be6
28. Rf1 Nh6 29. Kh2 Nf5 30. Nxf5 Bxf5 31. Rac1 Qe7 32. Qa3 Be4 33. Qxc5 Qe6 34.
Rxf8+ Rxf8 35. Bc8 Qf7 36. Qe3 Qf2 37. Be6+ Kg7 38. Rc7+ Kg6 39. h5+ Kxh5 40.
Qxf2 Rxf2 41. Bh3 Rxb2 42. Rxa7 Kxg5 43. a4 Ra2 44. a5 Bf5 45. a6 Bxh3 46. Kxh3
Kf4 47. Rxh7 Rxa6 48. Rf7+ Ke4 49. g4 d4 50. g5 d3 51. Rd7 Ke3 52. Kg4 e4 53.
Kf5 Ra1 54. Re7 Rf1+ 55. Ke5 d2 0-1

[Event "Mitropa Cup 28th"]
[Site "Rogaska Slatina"]
[Date "2009.05.10"]
[Round "2"]
[White "Huss, Andreas"]
[Black "Macak, Stefan"]
[Result "0-1"]
[WhiteElo "2340"]
[BlackElo "2494"]
[PlyCount "77"]
[EventDate "2009.05.09"]
[EventType "team-tourn"]
[EventRounds "9"]
[EventCountry "SLO"]
[Source "ChessBase"]
[SourceDate "2009.07.02"]
[WhiteTeam "Switzerland"]
[BlackTeam "Slovakia"]
[WhiteTeamCountry "SUI"]
[BlackTeamCountry "SVK"]

1. d4 Nf6 2. Nf3 g6 3. c4 Bg7 4. Nc3 O-O 5. e4 d6 6. Be2 Na6 7. O-O e5 8. d5
Nc5 9. Qc2 a5 10. Bg5 h6 11. Be3 Nh5 12. g3 Bh3 13. Rfd1 b6 14. Kh1 Nf6 15. Ng1
Bd7 16. f3 Ne8 17. Bf1 f5 18. Bh3 f4 19. Bxc5 bxc5 20. Bxd7 Qxd7 21. g4 Bf6 22.
Qa4 Qd8 23. Qc2 Rf7 24. Nh3 Rh7 25. Qg2 Bh4 26. a4 Kf7 27. Ra3 Rb8 28. Nb5 g5
29. Na7 Qd7 30. Nc6 Ra8 31. Rb3 Nf6 32. Rb5 h5 33. Rg1 hxg4 34. fxg4 Kg6 35. b3
Bg3 36. Rb8 Rxb8 37. Nxb8 Qxg4 38. Nf2 Qh4 39. Rf1 0-1